000 00384nam a2200157Ia 4500
003 OSt
005 20240207123603.0
008 170619s9999 xx 000 0 und d
040 _cIIMT ENGINEERING COLLEGE
100 _aDasgupta- S
245 0 _aFoxpro Interactive Programming & Projects
260 _bPEARSON EDU. DELHI
260 _c2009
546 _aENGLISH
942 _2ddc
_c06
999 _c23427
_d23427